[Event "IIFL Wealth 4th Mumbai GM"]
[Site "Mumbai"]
[Date "2018.12.31"]
[Round "2"]
[White "Mahalakshmi D M"]
[Black "Chowdhury, Sohel"]
[Result "1-0"]
[WhiteElo "1145"]
[BlackElo "2012"]
[Annotator "NA"]
[PlyCount "121"]
[EventDate "2018.12.30"]
[EventType "swiss"]
[EventCountry "IND"]
[SourceTitle "playchess.com"]
[Source "ChessBase"]
[SourceQuality "1"]
[TimeControl "40/5400+30:1800+30"]

1. d4 {[%emt 0:00:00]} d5 {[%emt 0:00:00]} 2. c4 {[%emt 0:00:00]} c6 {[%emt 0:00:10]} 3. Nf3 {[%emt 0:00:33]} Nf6 {[%emt 0:00:20]} 4. Nc3 {[%emt 0:00:05]} e6 {[%emt 0:02:23]} 5. e3 {[%emt 0:00:05]} Nbd7 {[%emt 0:00:11]} 6. Qc2 {[%emt 0:00:03]} Bd6 {[%emt 0:05:04]} 7. b3 {[%emt 0:00:06]} O-O {[%emt 0:00:41]} 8. Be2 {[%emt 0:00:04]} e5 {[%emt 0:04:08]} 9. cxd5 {[%emt 0:00:50]} cxd5 {[%emt 0:00:03]} 10. Nb5 {[%emt 0:01:04]} Bb8 {[%emt 0:04:30]} 11. dxe5 {[%emt 0:07:36]} Nxe5 {[%emt 0:00:25]} 12. O-O {[%emt 0:01:19]} a6 {[%emt 0:02:28]} 13. Nbd4 {[%emt 0:01:11]} Qd6 {[%emt 0:09:12]} 14. a4 {[%emt 0:02:49]} Nxf3+ {[%emt 0:02:01]} 15. Nxf3 {[%emt 0:02:51]} Re8 {[%emt 0:02:47]} 16. Ba3 {[%emt 0:02:05]} Qb6 {[%emt 0:04:25]} 17. Rac1 {[%emt 0:04:10]} h6 {[%emt 0:07:30]} 18. Rfd1 {[%emt 0:03:12]} Be6 {[%emt 0:05:04]} 19. Nd4 {[%emt 0:12:44]} Bg4 {[%emt 0:07:43]} 20. Bxg4 {[%emt 0:03:56]} Nxg4 {[%emt 0:00:02]} 21. Nf3 {[%emt 0:01:02]} Qe6 {[%emt 0:05:28]} 22. Qd3 {[%emt 0:06:28]} Rd8 {[%emt 0:03:12]} 23. Bb2 {[%emt 0:01:57]} Ne5 {[%emt 0:05:01]} 24. Qe2 {[%emt 0:09:59]} Nc6 {[%emt 0:00:57]} 25. g3 {[%emt 0:03:25]} Ba7 {[%emt 0:03:57]} 26. Bd4 {[%emt 0:01:39]} Bxd4 {[%emt 0:03:33]} 27. Nxd4 {[%emt 0:00:53]} Nxd4 {[%emt 0:00:02]} 28. Rxd4 {[%emt 0:00:02]} Rd7 {[%emt 0:03:31]} 29. Rcd1 {[%emt 0:04:22]} Rad8 {[%emt 0:01:20]} 30. Qd2 {[%emt 0:00:36]} Qb6 {[%emt 0:02:02]} 31. Qc2 {[%emt 0:06:23]} Qc6 {[%emt 0:07:17]} 32. Qf5 {[%emt 0:01:47]} Qe6 {[%emt 0:00:41]} 33. Qc2 {[%emt 0:01:52]} Qc6 {[%emt 0:03:15]} 34. Qd3 {[%emt 0:00:54]} Qe6 {[%emt 0:01:01]} 35. Qd2 {[%emt 0:02:01]} Qb6 {[%emt 0:00:44]} 36. Qb2 {[%emt 0:02:44]} Qc6 {[%emt 0:00:44]} 37. Rc1 {[%emt 0:02:56]} Qb6 {[%emt 0:01:09]} 38. Qc3 {[%emt 0:00:11]} Qe6 {[%emt 0:01:41]} 39. Qa5 {[%emt 0:04:27]} g6 {[%emt 0:01:04]} 40. Rcd1 {[%emt 0:00:00]} h5 {[%emt 0:00:00]} 41. Qd2 {[%emt 0:02:50]} Qb6 {[%emt 0:01:16]} 42. b4 {[%emt 0:02:12]} Qc6 {[%emt 0:01:41]} 43. a5 {[%emt 0:03:39]} f5 {[%emt 0:03:14]} 44. h4 {[%emt 0:10:35]} Kh7 {[%emt 0:01:34]} 45. Rc1 {[%emt 0:01:09]} Qe6 {[%emt 0:04:31]} 46. Rc5 {[%emt 0:01:13]} Qf7 {[%emt 0:01:05]} 47. b5 {[%emt 0:01:58]} Qe6 {[%emt 0:03:02]} 48. b6 {[%emt 0:04:52]} Qe5 {[%emt 0:02:31]} 49. Qc1 {[%emt 0:02:28]} Re8 {[%emt 0:03:49]} 50. Qc2 {[%emt 0:02:27]} Kh6 {[%emt 0:01:05]} 51. Qd2 {[%emt 0:00:51]} Kh7 {[%emt 0:00:00]} 52. Qc2 {[%emt 0:00:09]} Kh6 {[%emt 0:01:00]} 53. Qd2 {[%emt 0:00:51]} Red8 {[%emt 0:07:13]} 54. e4+ {[%emt 0:02:52]} Kh7 {[%emt 0:00:31]} 55. Rcxd5 {[%emt 0:00:54]} Rxd5 {[%emt 0:00:33]} 56. Rxd5 {[%emt 0:01:09]} Rxd5 {[%emt 0:00:08]} 57. exd5 {[%emt 0:00:26]} Qd6 {[%emt 0:00:27]} 58. Qd4 {[%emt 0:00:24]} Kg8 {[%emt 0:04:39]} 59. Qc4 {[%emt 0:00:31]} Kf7 {[%emt 0:03:45]} 60. Qc7+ {[%emt 0:00:12]} Qe7 {[%emt 0:00:13]} 61. d6 {[%emt 0:00:05] Qd8} 1-0